000 01556nam a22004097a 4500
003 CHAP
005 20220329143356.0
008 090126s2008 mx a r 00010 spa d
010 _a95696
011 _a96668
035 _a107324
040 _cCHAP
090 _aTesis
100 1 _aPilar Ibarra, Rosario
_988066
245 1 3 _aLa política de conservación en la construcción de los mercados de vida silvestre en Chiapas
260 _aChapingo, Méx. :
_bEl autor,
_c2008
300 _aix, 133 h. :
_bcuadros, gráfs., mapas
502 _aTesis (M.C. en Desarrollo Rural Regional ) -- UACH. Dirección de Centros Regionales
530 _aTambién disponible en línea
590 _aALEPH
_b10
_c20130110
_lUCH01
_h1526
590 _aBATCH-UPD
_b10
_c20130110
_lUCH01
_h0537
590 _aBATCH-UPD
_b10
_c20130410
_lUCH01
_h0217
590 _aBATCH-UPD
_b10
_c20130914
_lUCH01
_h0629
590 _aBATCH-UPD
_b10
_c20140324
_lUCH01
_h1508
590 _aBATCH-UPD
_b10
_c20141002
_lUCH01
_h0838
590 _aCONVERSION
_b10
_c20130109
_lUCH01
_h1353
650 1 4 _aBiodiversidad
_xConservación.
_912726
650 1 4 _aEcología.
_935134
650 1 4 _aMercadeo.
_974880
650 1 4 _aVida silvestre
_xConservación
_zChiapas.
_9119172
650 1 4 _aVida silvestre
_zChiapas.
_9119205
856 _3Finding aid
_uhttp://10.13.5.2/tesis/107324.pdf
_zTeclea aqui
901 _aBK
942 _cFOLL
949 _aTesis
_bBC
_cTES
_d33724002080033
_eTS1
_gDonaciØn
_h48548
_i107324
_sb
949 _aTesis
_bBC
_cTES
_d33724002082363
_eTS2
_fc.2
_gDonaciØn
_h48549
_i107324
_si
999 _c95696
_d95696